[Event "Quebec-ch U20"]
[Site "Montreal"]
[Date "2016.04.23"]
[Round "3.5"]
[White "Grandmont, Mathias"]
[Black "Ouellet, Maili Jade"]
[Result "0-1"]
[WhiteElo "1357"]
[BlackElo "2004"]
[PlyCount "62"]
[EventDate "2016.04.22"]
[EventType "swiss"]
[EventRounds "5"]
[EventCountry "CAN"]
[SourceTitle "EXT 2022"]
[Source "ChessBase"]
[SourceDate "2021.10.06"]
[SourceVersion "1"]
[SourceVersionDate "2021.10.06"]
[SourceQuality "1"]

1. Nf3 d5 2. d4 Nf6 3. c4 e6 4. Nc3 Be7 5. Bf4 0-0 6. e3 b6 7. Bd3 Bb7 8. 0-0 c5 9. cxd5 exd5 10. Bc2 Nc6 11. a3 a6 12. Ne5 c4 13. Nxc6 Bxc6 14. Re1 b5 15. Be5 Qb6 16. Bxf6 Bxf6 17. b4 Rfd8 18. Qd2 a5 19. Bf5 Be7 20. Ne2 Ra7 21. Qb2 Rda8 22. Nf4 axb4 23. axb4 Rxa1 24. Rxa1 Rxa1+ 25. Qxa1 g6 26. Bc2 Bxb4 27. Qb2 Bd6 28. g3 b4 29. h4 b3 30. Bd1 Qa5 31. Bxb3 Qb6 0-1